Ode tsame : (Record no. 99876)

MARC details
000 -CABECERA
campo de control de longitud fija 00771nam a2200229 a 4500
005 - FECHA Y HORA DE LA ÚLTIMA TRANSACCIÓN
campo de control 20231007063619.0
008 - ELEMENTOS DE LONGITUD FIJA--INFORMACIÓN GENERAL
campo de control de longitud fija 991125s1994 mx 000 0 spa u
020 ## - NÚMERO INTERNACIONAL NORMALIZADO PARA LIBROS
Número Internacional Estándar del Libro 9682991366
035 ## - NÚMERO DE CONTROL DEL SISTEMA
Número de control de sistema UPN01000127697
049 ## - COLECCIÓN
Colección CG
050 #4 - SIGNATURA TOPOGRÁFICA DE LA BIBLIOTECA DEL CONGRESO
Número de clasificación LB1578.327 Z6.1
Número de documento/Ítem R3.6 1996
100 1# - ASIENTO PRINCIPAL--NOMBRE PERSONAL
Nombre de persona Ramírez Cruz, Aniceto
245 10 - MENCIÓN DE TÍTULO
Título Ode tsame :
Resto del título lengua zoque de Ocotopec Chiapas : primer ciclo /
Mención de responsabilidad, etc. Aniceto Ramírez Cruz.
250 ## - MENCIÓN DE EDICIÓN
Mención de edición 2a ed.
260 ## - PUBLICACIÓN, DISTRIBUCIÓN, ETC.
Lugar de publicación, distribución, etc. México :
Nombre del editor, distribuidor, etc. SEP, Comisión Nacional de los Libros de Texto Gratuitos,
Fecha de publicación, distribución, etc. c1994.
300 ## - DESCRIPCIÓN FÍSICA
Extensión 2 v. :
Otras características físicas il. col.
500 ## - NOTA GENERAL
Nota general La biblioteca tiene el v.2
650 #4 - ASIENTO SECUNDARIO DE MATERIA - TERMINO TEMATICO
Término de materia o nombre geográfico como elemento de entrada Cartilla zoque
9 (RLIN) 8482
650 #4 - ASIENTO SECUNDARIO DE MATERIA - TERMINO TEMATICO
Término de materia o nombre geográfico como elemento de entrada Indígenas de México
Subdivisión geográfica Chiapas
Subdivisión general Lenguas
9 (RLIN) 26832
650 #4 - ASIENTO SECUNDARIO DE MATERIA - TERMINO TEMATICO
Término de materia o nombre geográfico como elemento de entrada ZOQUE -
Subdivisión general ESTUDIO Y ENSEÑANZA (ELEMENTAL)
905 ## - TIPO DE MATERIAL
Tipo de material Libro
Holdings
Estado de retiro Estado de pérdida Fuente del sistema de clasificación o colocación Estado dañado No para préstamo Código de colección Localización permanente Ubicación/localización actual Ubicación en estantería Fecha de adquisición Enumeración/cronología de publicación seriada Clasificación Código de barras Fecha visto por última vez Número de copia Tipo de ítem Koha
    Library of Congress Classification   Disponible (Préstamo en sala) Libros de texto gratuitos Bib. Gregorio Torres Quintero Bib. Gregorio Torres Quintero Colecciones especiales Planta alta 13/09/2022 v.2 LB1578.327 Z6.1 R3.6 1996 143617 31/12/2020 1 Libro